Educación e Investigación y desarrollo en América Latina: los últimos treinta años /
El artículo ofrece una perspectiva general de la relación entre educación, investigación y desarrollo (I+D) en América Latina y en Costa Rica en los últimos treinta años. Se hace una introducción general a las características y desarrollo de la ciencia y la tecnología en la región, se revisa el nive...
Guardado en:
| Autor principal: | |
|---|---|
| Formato: | Texto |
| Materias: | |
| Etiquetas: |
Agregar Etiqueta
Sin Etiquetas, Sea el primero en etiquetar este registro!
|
MARC
| LEADER | 00000 a a2200000 04500 | ||
|---|---|---|---|
| 001 | 46116 | ||
| 003 | |||
| 040 | |||
| 100 | |a Salas Madriz, Flora Eugenia | ||
| 245 | |a Educación e Investigación y desarrollo en América Latina: |b los últimos treinta años / |c Flora Eugenia Salas Madriz | ||
| 520 | |a El artículo ofrece una perspectiva general de la relación entre educación, investigación y desarrollo (I+D) en América Latina y en Costa Rica en los últimos treinta años. Se hace una introducción general a las características y desarrollo de la ciencia y la tecnología en la región, se revisa el nivel y avance de la investigación educativa y se analizan sus implicaciones en el incremento en la brecha de productividad y la brecha digital en la Globalización. | ||
| 590 | |a RRH/DICIEMBRE2014 | ||
| 650 | |a INVESTIGACION | ||
| 650 | |a EDUCACION | ||
| 650 | |a CIENCIA | ||
| 650 | |a TECNOLOGIA | ||
| 650 | |a PRODUCTIVIDAD | ||
| 650 | |a GLOBALIZACION | ||
| 650 | |a AMERICA LATINA | ||
| 773 | |g volumen31, número2 (2007), páginas 29-43: tablas | ||
| 999 | |c 24317 |d 24317 | ||
